000 00778nam a2200241Ia 4500
003 GCL
008 140319s9999 xx 000 0 ara d
040 _aGCL /
_cGCL
082 0 4 _a953.021
_bم د
100 1 _aمحمد ممدوح العر بى
245 1 0 _aدولة الرسول (صلى الله عليه وسلم)فى المدينة /
_cمحمد ممدوح العر بى
260 _a[S.N] :
_bالهيئة المصرية العامة للكتاب ،
_c1988
300 _a386 ص
490 _a
650 0 4 _aالاسلام
650 0 4 _aالسياسة
650 0 4 _aالتاريخ الاسلامى
650 0 4 _aالدولة
650 0 4 _aالمدينة المنورة
650 0 4 _aالاسلام والسياسة
650 0 4 _aالنظم
942 _2ddc
_cBK
999 _c30534
_d30534